[Event "37. Copenhagen Open (Politiken Cup)"]
[Site "Elsinore"]
[Date "2015.07.26"]
[Round "3"]
[White "Larsen, Ole Bogh"]
[Black "Chabanon, Jean Luc"]
[Result "0-1"]
[WhiteElo "2203"]
[BlackElo "2493"]
[PlyCount "90"]
[EventDate "2015.07.25"]
[EventType "swiss"]
[EventRounds "10"]
[EventCountry "DEN"]
[Source "ChessBase"]
[SourceDate "2015.09.14"]

1. d4 Nf6 2. c4 c5 3. e3 g6 4. Nc3 Bg7 5. Nf3 O-O 6. Be2 cxd4 7. exd4 d5 8. O-O
Nc6 9. Re1 dxc4 10. Bxc4 Na5 11. Bf1 b6 12. Bg5 Bb7 13. Ne5 Nd5 14. Nxd5 Bxd5
15. b4 f6 16. bxa5 fxg5 17. Qd2 e6 18. Rac1 bxa5 19. Rc5 Rc8 20. Qxa5 Qxa5 21.
Rxa5 Rc2 22. f3 g4 23. Bd3 Bxe5 24. Rxd5 exd5 25. Bxc2 Bxd4+ 26. Kh1 gxf3 27.
gxf3 Rxf3 28. Rd1 Be3 29. Bb3 Kg7 30. Rxd5 h5 31. Rd7+ Kh6 32. Rf7 Rh3 33. Kg2
Rh4 34. h3 Rb4 35. Kf3 Bb6 36. Re7 Kg5 37. Re5+ Kh4 38. Bf7 g5 39. Ke2 Rf4 40.
Bb3 Bd4 41. Rb5 Bf6 42. Rb7 Kxh3 43. Rxa7 g4 44. Rh7 h4 45. a4 Rb4 0-1

[Event "37. Copenhagen Open (Politiken Cup)"]
[Site "Elsinore"]
[Date "2015.07.26"]
[Round "3"]
[White "Larsen, Preben R"]
[Black "Fjallheim, Leif Reinert"]
[Result "1-0"]
[WhiteElo "1808"]
[BlackElo "1530"]
[PlyCount "79"]
[EventDate "2015.07.25"]
[EventType "swiss"]
[EventRounds "10"]
[EventCountry "DEN"]
[Source "ChessBase"]
[SourceDate "2015.09.14"]

1. e4 e5 2. Nf3 Nc6 3. Bc4 Bc5 4. O-O d6 5. d3 Nf6 6. Bg5 h6 7. Bh4 g5 8. Bg3
Bg4 9. Nbd2 Nh5 10. Kh1 Ng7 11. c3 f5 12. exf5 Nxf5 13. Qb3 Na5 14. Qa4+ c6 15.
Bf7+ Kxf7 16. Qxg4 Kg6 17. b4 h5 18. Qe4 d5 19. Nxe5+ Kf6 20. Qe2 Re8 21. bxc5
h4 22. Ng4+ Kg6 23. Be5 Nh6 24. d4 b6 25. Qd3+ Kh5 26. Nf6+ Qxf6 27. Bxf6 Re6
28. Bg7 Rg6 29. Bxh6 Rxh6 30. Rae1 Rg8 31. Qf3+ g4 32. Re5+ Rg5 33. Qf7+ Rhg6
34. Rfe1 g3 35. Rxg5+ Kxg5 36. Re5+ Kh6 37. Qf4+ Kh7 38. Re7+ Kh8 39. Qf8+ Rg8
40. Qh6# 1-0

[Event "37. Copenhagen Open (Politiken Cup)"]
[Site "Elsinore"]
[Date "2015.07.26"]
[Round "3"]
[White "Larsen, Steen"]
[Black "Sparvang, Johnny"]
[Result "0-1"]
[WhiteElo "1141"]
[BlackElo "1619"]
[PlyCount "92"]
[EventDate "2015.07.25"]
[EventType "swiss"]
[EventRounds "10"]
[EventCountry "DEN"]
[Source "ChessBase"]
[SourceDate "2015.09.14"]

1. c4 e6 2. e3 Nf6 3. Nc3 d5 4. d4 c6 5. Nf3 Nbd7 6. Be2 Bd6 7. O-O O-O 8. c5
Bc7 9. b3 Re8 10. Qc2 e5 11. e4 exd4 12. Nxd4 Nxe4 13. Bd3 Ndf6 14. Bxe4 Nxe4
15. Nxe4 Rxe4 16. Bb2 Be5 17. Rfe1 Rxe1+ 18. Rxe1 Qf6 19. Nf3 Bf5 20. Bxe5 Bxc2
21. Bxf6 gxf6 22. Nd4 Bd3 23. b4 Kf8 24. a4 a6 25. Re3 Re8 26. Nb3 Rxe3 27.
fxe3 Ke7 28. Kf2 Ke6 29. Na5 Bc2 30. Nxb7 Bxa4 31. Ke2 f5 32. Kd3 Ke5 33. Nd8
Bb5+ 34. Kc3 Ke4 35. Kd2 f4 36. exf4 Kxf4 37. Nxf7 h5 38. Ke1 Ke3 39. Ne5 d4
40. g4 d3 41. Nxd3 Bxd3 42. gxh5 Bf5 43. h6 Kd3 44. Kf2 Kc4 45. Kf3 Kxb4 46.
Kf4 Bb1 0-1

[Event "37. Copenhagen Open (Politiken Cup)"]
[Site "Elsinore"]
[Date "2015.07.26"]
[Round "3"]
[White "Larsen, Ulrik"]
[Black "Jernselius, Kjell"]
[Result "0-1"]
[WhiteElo "2005"]
[BlackElo "1768"]
[PlyCount "34"]
[EventDate "2015.07.25"]
[EventType "swiss"]
[EventRounds "10"]
[EventCountry "DEN"]
[Source "ChessBase"]
[SourceDate "2015.09.14"]

1. e4 d5 2. exd5 Nf6 3. d4 Nxd5 4. Nf3 Bg4 5. Be2 e6 6. O-O Be7 7. c4 Nb6 8.
Nc3 O-O 9. Re1 N8d7 10. b3 c6 11. Bb2 Bf6 12. Ne4 Be7 13. Qd2 Qc7 14. Rac1 Rad8
15. d5 exd5 16. cxd5 Nxd5 17. Qxd5 cxd5 0-1

[Event "37. Copenhagen Open (Politiken Cup)"]
[Site "Elsinore"]
[Date "2015.07.26"]
[Round "3"]
[White "Lauritsen, Martin Lee"]
[Black "Semcesen, Daniel"]
[Result "0-1"]
[WhiteElo "2102"]
[BlackElo "2437"]
[PlyCount "102"]
[EventDate "2015.07.25"]
[EventType "swiss"]
[EventRounds "10"]
[EventCountry "DEN"]
[Source "ChessBase"]
[SourceDate "2015.09.14"]

1. e4 e5 2. Nf3 Nc6 3. Bb5 a6 4. Ba4 Nf6 5. O-O Nxe4 6. Re1 Nc5 7. Bxc6 dxc6 8.
Nxe5 Be7 9. d4 Ne6 10. Be3 O-O 11. Nc3 f6 12. Nd3 Re8 13. Ne2 Nf8 14. c3 b6 15.
Ng3 Ng6 16. Qd2 Be6 17. b3 Qd7 18. Rad1 a5 19. c4 Bf7 20. Qc2 Bf8 21. a4 Rad8
22. f3 Nh4 23. Bf2 Bg6 24. Ne4 Nf5 25. Nf4 Bf7 26. d5 Nd6 27. Nc3 Rxe1+ 28.
Bxe1 Re8 29. Bf2 c5 30. Qd2 g5 31. Nfe2 h6 32. Ng3 Bg7 33. Nge4 Nc8 34. Nb5 f5
35. Nec3 f4 36. h3 Nd6 37. Nxd6 cxd6 38. Nb5 Bg6 39. Kf1 Be5 40. Re1 Qg7 41.
Kg1 Re7 42. Kf1 Bf5 43. Kg1 h5 44. Kf1 Qf6 45. Re2 g4 46. hxg4 hxg4 47. Ke1 Rh7
48. Kd1 gxf3 49. gxf3 Rh3 50. Re1 Rxf3 51. Rg1+ Kf8 0-1

[Event "37. Copenhagen Open (Politiken Cup)"]
[Site "Elsinore"]
[Date "2015.07.26"]
[Round "3"]
[White "Laustsen, Lars"]
[Black "Zude, Erik"]
[Result "0-1"]
[WhiteElo "2098"]
[BlackElo "2398"]
[PlyCount "94"]
[EventDate "2015.07.25"]
[EventType "swiss"]
[EventRounds "10"]
[EventCountry "DEN"]
[Source "ChessBase"]
[SourceDate "2015.09.14"]

1. d4 d6 2. Nf3 Nf6 3. c4 Nbd7 4. g3 e5 5. Bg2 Be7 6. Nc3 O-O 7. O-O c6 8. e4
a6 9. a4 a5 10. h3 Re8 11. Be3 exd4 12. Nxd4 Nc5 13. Re1 Bf8 14. Qc2 Qb6 15.
Re2 g6 16. Rf1 Bg7 17. Rd1 Nfd7 18. f4 Nf6 19. Bf2 Qb4 20. Bf1 h5 21. e5 dxe5
22. fxe5 Nh7 23. Rde1 Ng5 24. Kh2 Nce6 25. Bg2 Nxd4 26. Bxd4 Bxh3 27. Ne4 Bf5
28. Bc3 Qxc4 29. Nd6 Bxc2 30. Nxc4 Bd3 31. Nd6 Bxe2 32. Nxe8 Rxe8 33. Rxe2 Rd8
34. Bxa5 Rd4 35. Bd2 Ne6 36. b4 Bf8 37. b5 Rxa4 38. bxc6 bxc6 39. Bxc6 Ra2 40.
Rf2 Bc5 41. Rg2 Bd4 42. Bf4 Ra5 43. Re2 g5 44. Bd2 Ra2 45. Bd5 Rb2 46. Rg2 g4
47. Bf4 Rb5 0-1

[Event "37. Copenhagen Open (Politiken Cup)"]
[Site "Elsinore"]
[Date "2015.07.26"]
[Round "3"]
[White "Lien, Kjell Hakon"]
[Black "Rasmussen, Morten Fredsgaard"]
[Result "1-0"]
[WhiteElo "2133"]
[BlackElo "1932"]
[PlyCount "53"]
[EventDate "2015.07.25"]
[EventType "swiss"]
[EventRounds "10"]
[EventCountry "DEN"]
[Source "ChessBase"]
[SourceDate "2015.09.14"]

1. c4 c6 2. g3 d5 3. Bg2 Nf6 4. Nf3 e6 5. O-O Bd6 6. d4 O-O 7. Nc3 Re8 8. Ne5
Nbd7 9. f4 Nf8 10. b3 N6d7 11. e4 Bb4 12. Bb2 Bxc3 13. Bxc3 dxe4 14. Bxe4 f6
15. Nd3 Qc7 16. Qh5 f5 17. Qxe8 Nf6 18. Ba5 Qxa5 19. Qe7 Ng6 20. Qc5 Qc3 21.
Rac1 Qd2 22. Rf2 Nxe4 23. Rxd2 Nxc5 24. Nxc5 b6 25. Nd3 Bb7 26. Ne5 Ne7 27. Kf2
1-0

[Event "37. Copenhagen Open (Politiken Cup)"]
[Site "Elsinore"]
[Date "2015.07.26"]
[Round "3"]
[White "Lobersli, Henrik Oie"]
[Black "Mouritsen, Jan"]
[Result "1/2-1/2"]
[WhiteElo "2034"]
[BlackElo "1799"]
[PlyCount "114"]
[EventDate "2015.07.25"]
[EventType "swiss"]
[EventRounds "10"]
[EventCountry "DEN"]
[Source "ChessBase"]
[SourceDate "2015.09.14"]

1. d4 Nf6 2. c4 g6 3. Nf3 Bg7 4. g3 O-O 5. Bg2 d5 6. cxd5 Nxd5 7. O-O Nc6 8. e4
Nb6 9. d5 Na5 10. Nc3 c6 11. Nd4 e6 12. Nde2 cxd5 13. exd5 exd5 14. Nxd5 Nxd5
15. Bxd5 Bg4 16. f3 Qb6+ 17. Kg2 Bf5 18. Qe1 Rfe8 19. Qf2 Bxb2 20. Bxb2 Qxb2
21. Nd4 Qxf2+ 22. Kxf2 Rad8 23. Nxf5 gxf5 24. Rfd1 Nc6 25. Rac1 Kg7 26. f4 Rd6
27. Bf3 Red8 28. Rxd6 Rxd6 29. Rc2 Kf6 30. Rb2 b6 31. Ke3 Na5 32. Rc2 Rd7 33.
Bg2 b5 34. Bf1 a6 35. a4 bxa4 36. Bxa6 a3 37. Ra2 Ra7 38. Bb5 Rb7 39. Be2 Ra7
40. Bd1 Nc6 41. Kd2 Rd7+ 42. Kc1 Rd3 43. Be2 Re3 44. Kd2 Rb3 45. Bd1 Rd3+ 46.
Kxd3 Nb4+ 47. Kc3 Nxa2+ 48. Kb3 Nb4 49. Kxa3 Nd5 50. h3 Nc3 51. Bf3 Ke6 52. Kb2
Ne4 53. Bxe4 fxe4 54. Kc3 h5 55. Kd4 f5 56. Kc4 Kf6 57. Kd4 Ke6 1/2-1/2

[Event "37. Copenhagen Open (Politiken Cup)"]
[Site "Elsinore"]
[Date "2015.07.26"]
[Round "3"]
[White "Loveid, Erik"]
[Black "Linderod, Lars Erik"]
[Result "1/2-1/2"]
[WhiteElo "1559"]
[BlackElo "1912"]
[PlyCount "108"]
[EventDate "2015.07.25"]
[EventType "swiss"]
[EventRounds "10"]
[EventCountry "DEN"]
[Source "ChessBase"]
[SourceDate "2015.09.14"]

1. Nf3 d6 2. e4 e5 3. Bc4 Be7 4. Nc3 Nf6 5. d3 O-O 6. h3 Nc6 7. O-O Na5 8. Bb3
Nxb3 9. axb3 Be6 10. Be3 Qd7 11. Ng5 a6 12. f4 exf4 13. Bxf4 h6 14. Nxe6 Qxe6
15. Qf3 c6 16. Rae1 Nd7 17. d4 Qg6 18. Qg3 Qxg3 19. Bxg3 Rad8 20. e5 dxe5 21.
Bxe5 Nxe5 22. dxe5 Bc5+ 23. Kh1 Rd2 24. Rc1 Bd4 25. Nb1 Re2 26. Rfe1 Rxe1+ 27.
Rxe1 Re8 28. c3 Bxe5 29. g4 Kf8 30. Na3 Bd6 31. Rxe8+ Kxe8 32. Nc4 Bc7 33. Kg2
Ke7 34. Kf3 Ke6 35. Ke4 b5 36. Ne3 g6 37. c4 Bb6 38. Nc2 f5+ 39. gxf5+ gxf5+
40. Kf4 Bc7+ 41. Kf3 c5 42. cxb5 axb5 43. b4 Bd6 44. bxc5 Bxc5 45. b4 Bf8 46.
Nd4+ Ke5 47. Nxb5 Bxb4 48. Nc7 h5 49. Nb5 h4 50. Nc7 Be1 51. Ne8 Bg3 52. Ng7 f4
53. Nh5 Kf5 54. Nxf4 Bxf4 1/2-1/2

[Event "37. Copenhagen Open (Politiken Cup)"]
[Site "Elsinore"]
[Date "2015.07.26"]
[Round "3"]
[White "Lund, Gunnar"]
[Black "Skovgaard, Tom"]
[Result "1/2-1/2"]
[WhiteElo "1765"]
[BlackElo "2022"]
[PlyCount "63"]
[EventDate "2015.07.25"]
[EventType "swiss"]
[EventRounds "10"]
[EventCountry "DEN"]
[Source "ChessBase"]
[SourceDate "2015.09.14"]

1. e4 Nf6 2. e5 Nd5 3. d4 d6 4. Nf3 Nb6 5. c4 g6 6. Nc3 Bg7 7. exd6 cxd6 8. b3
O-O 9. Bd3 Nc6 10. Be3 Bg4 11. Be4 f5 12. Bxc6 bxc6 13. Qd2 Bxf3 14. gxf3 e5
15. dxe5 Bxe5 16. O-O-O Qf6 17. Bd4 Rfd8 18. f4 Bxd4 19. Qxd4 Kf7 20. h4 d5 21.
Qxf6+ Kxf6 22. cxd5 Nxd5 23. Nxd5+ Rxd5 24. Rxd5 cxd5 25. Kd2 a5 26. Rc1 a4 27.
b4 a3 28. b5 Ke6 29. b6 Rb8 30. Rc6+ Kd7 31. Rf6 Ke7 32. Rc6 1/2-1/2

[Event "37. Copenhagen Open (Politiken Cup)"]
[Site "Elsinore"]
[Date "2015.07.26"]
[Round "3"]
[White "Machlik, Jon"]
[Black "Jensen, Hans Askov"]
[Result "1-0"]
[WhiteElo "1973"]
[BlackElo "1473"]
[PlyCount "35"]
[EventDate "2015.07.25"]
[EventType "swiss"]
[EventRounds "10"]
[EventCountry "DEN"]
[Source "ChessBase"]
[SourceDate "2015.09.14"]

1. e4 e5 2. Nf3 Nc6 3. Bc4 Nf6 4. Ng5 d5 5. exd5 Na5 6. Bb5+ c6 7. dxc6 Nxc6 8.
Nc3 Bc5 9. Qf3 O-O 10. Bxc6 Bg4 11. Qg3 bxc6 12. Nge4 Qe7 13. Nxf6+ Qxf6 14.
Ne4 Bxf2+ 15. Nxf2 Qf5 16. Nxg4 Qe4+ 17. Kd1 Rad8 18. Nf6+ 1-0

[Event "37. Copenhagen Open (Politiken Cup)"]
[Site "Elsinore"]
[Date "2015.07.26"]
[Round "3"]
[White "Maesschalck, Vincent"]
[Black "Lund, Per"]
[Result "1/2-1/2"]
[WhiteElo "1784"]
[BlackElo "2029"]
[PlyCount "94"]
[EventDate "2015.07.25"]
[EventType "swiss"]
[EventRounds "10"]
[EventCountry "DEN"]
[Source "ChessBase"]
[SourceDate "2015.09.14"]

1. e4 e5 2. Nf3 Nf6 3. Nc3 Bb4 4. Bc4 d6 5. Nd5 Nxd5 6. exd5 O-O 7. c3 Ba5 8.
O-O Bg4 9. Be2 c6 10. d4 cxd5 11. dxe5 dxe5 12. Ng5 Bf5 13. Bg4 Bxg4 14. Qxg4
h6 15. Nf3 f5 16. Qh5 Nc6 17. Bxh6 Qe8 18. Qxe8 Rfxe8 19. Be3 f4 20. Bc5 Bc7
21. Rad1 Rad8 22. Rd2 b6 23. Ba3 e4 24. Nd4 Nxd4 25. cxd4 Bd6 26. Bxd6 Rxd6 27.
Rc1 Rde6 28. Rc3 Kf7 29. Rc7+ R8e7 30. Rdc2 Kf6 31. R2c6 Rxc6 32. Rxc6+ Re6 33.
Rc8 e3 34. fxe3 Rxe3 35. Rf8+ Kg5 36. Rd8 Re2 37. Rxd5+ Kf6 38. Rb5 Rd2 39. Rb4
g5 40. a3 Ke6 41. Rb5 g4 42. Re5+ Kf6 43. Re4 Kg5 44. Re5+ Kh4 45. Re4 Kg5 46.
Re5+ Kg6 47. Re6+ Kf5 1/2-1/2

[Event "37. Copenhagen Open (Politiken Cup)"]
[Site "Elsinore"]
[Date "2015.07.26"]
[Round "3"]
[White "Marin, Mihail"]
[Black "Louis, Thibault"]
[Result "1-0"]
[WhiteElo "2579"]
[BlackElo "2250"]
[PlyCount "56"]
[EventDate "2015.07.25"]
[EventType "swiss"]
[EventRounds "10"]
[EventCountry "DEN"]
[Source "ChessBase"]
[SourceDate "2015.09.14"]

1. c4 Nf6 2. Nc3 e5 3. g3 Bb4 4. Bg2 O-O 5. e4 Bxc3 6. dxc3 d6 7. Qe2 a5 8. Nf3
Nbd7 9. O-O Nc5 10. Nh4 Re8 11. b3 c6 12. Ba3 Qe7 13. Rad1 g6 14. Rd2 b5 15.
cxb5 cxb5 16. Rfd1 Bb7 17. f3 Ba6 18. Qe3 Red8 19. Bf1 Rac8 20. Ng2 Kg7 21.
Rxd6 b4 22. Rxd8 Rxd8 23. Rxd8 Qxd8 24. cxb4 Bxf1 25. Kxf1 Qd1+ 26. Ne1 Ne6 27.
bxa5 g5 28. Bb2 Qd6 1-0

[Event "37. Copenhagen Open (Politiken Cup)"]
[Site "Elsinore"]
[Date "2015.07.26"]
[Round "3"]
[White "Maselli, Daniel"]
[Black "Gaure, Sigurd Lauvas"]
[Result "1-0"]
[WhiteElo "1717"]
[BlackElo "1406"]
[PlyCount "41"]
[EventDate "2015.07.25"]
[EventType "swiss"]
[EventRounds "10"]
[EventCountry "DEN"]
[Source "ChessBase"]
[SourceDate "2015.09.14"]

1. d4 Nf6 2. Nf3 d5 3. Bg5 h6 4. Bh4 Bg4 5. Nbd2 Nc6 6. e3 e5 7. dxe5 Nxe5 8.
Be2 Nxf3+ 9. Bxf3 Bxf3 10. Qxf3 Be7 11. Qe2 O-O 12. O-O-O d4 13. Nb3 c5 14.
exd4 cxd4 15. Rxd4 Qc7 16. Bg3 Qc6 17. Qxe7 Rac8 18. Qe2 Rfe8 19. Qd3 Qxg2 20.
Rd1 Qc6 21. Rd6 1-0

[Event "37. Copenhagen Open (Politiken Cup)"]
[Site "Elsinore"]
[Date "2015.07.26"]
[Round "3"]
[White "Maselli, David"]
[Black "Haugaard, Thomas"]
[Result "0-1"]
[WhiteElo "1387"]
[BlackElo "1707"]
[PlyCount "34"]
[EventDate "2015.07.25"]
[EventType "swiss"]
[EventRounds "10"]
[EventCountry "DEN"]
[Source "ChessBase"]
[SourceDate "2015.09.14"]

1. d4 d5 2. Nc3 Bf5 3. f3 Nf6 4. Bg5 Nbd7 5. Nxd5 Nxd5 6. e4 h6 7. Bd2 e5 8.
exf5 exd4 9. Qe2+ Be7 10. Qe4 N5f6 11. Qxd4 Bc5 12. Qc3 Qe7+ 13. Ne2 O-O-O 14.
O-O-O Nb6 15. Ng3 Rxd2 16. Rxd2 Qe1+ 17. Rd1 Be3+ 0-1

[Event "37. Copenhagen Open (Politiken Cup)"]
[Site "Elsinore"]
[Date "2015.07.26"]
[Round "3"]
[White "Matthiesen, Martin"]
[Black "Nielsen, Viktor"]
[Result "1/2-1/2"]
[WhiteElo "2347"]
[BlackElo "2069"]
[PlyCount "38"]
[EventDate "2015.07.25"]
[EventType "swiss"]
[EventRounds "10"]
[EventCountry "DEN"]
[Source "ChessBase"]
[SourceDate "2015.09.14"]

1. d4 Nf6 2. c4 c5 3. d5 e6 4. Nc3 exd5 5. cxd5 d6 6. e4 g6 7. h3 Bg7 8. Nf3
O-O 9. Bd3 Nh5 10. O-O Nd7 11. Bg5 Bf6 12. Bh6 Bg7 13. Bg5 Bf6 14. Bh6 Bg7 15.
Be3 Ne5 16. Nxe5 Bxe5 17. Qd2 Re8 18. Bg5 Bf6 19. Be3 a6 1/2-1/2

[Event "37. Copenhagen Open (Politiken Cup)"]
[Site "Elsinore"]
[Date "2015.07.26"]
[Round "3"]
[White "Maze, Sebastien"]
[Black "Haug, Johannes"]
[Result "1-0"]
[WhiteElo "2575"]
[BlackElo "2236"]
[PlyCount "81"]
[EventDate "2015.07.25"]
[EventType "swiss"]
[EventRounds "10"]
[EventCountry "DEN"]
[Source "ChessBase"]
[SourceDate "2015.09.14"]

1. c4 e5 2. Nc3 Bb4 3. e3 Bxc3 4. bxc3 d6 5. Ne2 Nf6 6. Qc2 O-O 7. Ng3 b6 8.
Be2 Bb7 9. e4 Nbd7 10. O-O Nc5 11. d3 Ne6 12. f4 Nxf4 13. Bxf4 exf4 14. Rxf4
Ne8 15. Raf1 g6 16. Qc1 Ng7 17. Rf6 Ne8 18. R6f2 Ng7 19. Qh6 Ne6 20. Rf6 c5 21.
R1f3 Qe7 22. Nf1 Rfd8 23. Rxf7 Qxf7 24. Rxf7 Kxf7 25. Qxh7+ Ng7 26. Qh6 Rh8 27.
Qf4+ Ke7 28. Ne3 Ne6 29. Qg3 Rag8 30. Nd5+ Bxd5 31. cxd5 Nd8 32. Qg5+ Ke8 33.
Qf6 Nf7 34. Bg4 Rh7 35. Be6 g5 36. Bxf7+ Rxf7 37. Qe6+ Kf8 38. Qxd6+ Kg7 39.
Qe5+ Kg6 40. Qe6+ Kg7 41. e5 1-0

[Event "37. Copenhagen Open (Politiken Cup)"]
[Site "Elsinore"]
[Date "2015.07.26"]
[Round "3"]
[White "McPhillips, Joseph"]
[Black "Smith, Axel"]
[Result "0-1"]
[WhiteElo "2191"]
[BlackElo "2449"]
[PlyCount "110"]
[EventDate "2015.07.25"]
[EventType "swiss"]
[EventRounds "10"]
[EventCountry "DEN"]
[Source "ChessBase"]
[SourceDate "2015.09.14"]

1. e4 d5 2. exd5 Nf6 3. d4 Nxd5 4. g3 g6 5. Bg2 Bg7 6. Ne2 O-O 7. O-O c6 8. Re1
Bf5 9. c3 Nd7 10. Nf4 Nxf4 11. Bxf4 e5 12. Be3 Nb6 13. Na3 exd4 14. cxd4 Qd7
15. Rc1 Rad8 16. Bg5 Rde8 17. Be3 Rd8 18. Bg5 Rde8 19. Be3 Re6 20. Qd2 Rd8 21.
Nc4 Bxd4 22. Nxb6 Bxb6 23. Qxd7 Rxd7 24. Bxb6 axb6 25. a4 Rd4 26. Red1 Rxa4 27.
Rd8+ Kg7 28. Rb8 Re7 29. h3 h5 30. Rd1 Ra2 31. Rd2 b5 32. Kh2 b4 33. g4 hxg4
34. hxg4 Bxg4 35. Rd4 Bf5 36. Rxb4 Re2 37. R8xb7 Rxf2 38. Kg3 Rc2 39. R4b6 g5
40. Bxc6 Rxc6 41. Rxc6 Be4 42. Rcc7 Bxb7 43. Rxb7 Kg6 44. Rb8 Ra1 45. Kf3 Rf1+
46. Kg2 Re1 47. Kf3 Kf5 48. Kf2 Re4 49. Kg3 Re3+ 50. Kf2 Kf4 51. Rf8 Re7 52. b4
Rb7 53. b5 f5 54. Ra8 Rxb5 55. Ra5 Rxa5 0-1

[Event "37. Copenhagen Open (Politiken Cup)"]
[Site "Elsinore"]
[Date "2015.07.26"]
[Round "3"]
[White "Mehringer, Joerg"]
[Black "Pedersen, Kim Michael"]
[Result "1/2-1/2"]
[WhiteElo "1991"]
[BlackElo "1764"]
[PlyCount "42"]
[EventDate "2015.07.25"]
[EventType "swiss"]
[EventRounds "10"]
[EventCountry "DEN"]
[Source "ChessBase"]
[SourceDate "2015.09.14"]

1. e4 e5 2. Nf3 Nf6 3. Nxe5 d6 4. Nc4 Nxe4 5. d3 Nf6 6. Be2 Be7 7. O-O O-O 8.
Nc3 d5 9. Ne5 d4 10. Ne4 Nxe4 11. dxe4 Bf6 12. Ng4 Bxg4 13. Bxg4 c5 14. f4 Be7
15. Qf3 Nc6 16. Bd2 c4 17. b3 c3 18. Be1 Ba3 19. Rd1 Qb6 20. Kf2 Rad8 21. Rd3
Bc5 1/2-1/2

[Event "37. Copenhagen Open (Politiken Cup)"]
[Site "Elsinore"]
[Date "2015.07.26"]
[Round "3"]
[White "Moe, Mogens"]
[Black "Frederiksen Kristian, Pade"]
[Result "1-0"]
[WhiteElo "2070"]
[BlackElo "1839"]
[PlyCount "89"]
[EventDate "2015.07.25"]
[EventType "swiss"]
[EventRounds "10"]
[EventCountry "DEN"]
[Source "ChessBase"]
[SourceDate "2015.09.14"]

1. e4 e5 2. Nf3 Nc6 3. d4 exd4 4. Nxd4 Bc5 5. Nb3 Bb6 6. Nc3 a6 7. Bd3 d6 8.
O-O Nge7 9. Kh1 Be6 10. f4 f6 11. Qf3 Qd7 12. Nd5 Ba7 13. Be3 Bxe3 14. Nxe3
O-O-O 15. c4 Nb4 16. Rad1 f5 17. exf5 Bxf5 18. Bxf5 Nxf5 19. Nc5 Qc6 20. Qxc6
Nxc6 21. Nxf5 dxc5 22. Nxg7 Rxd1 23. Rxd1 Rf8 24. Ne6 Rf6 25. Re1 b6 26. g3 Kd7
27. Ng5 h6 28. Nf3 Nd4 29. Ne5+ Kc8 30. Kg2 Kb7 31. Re4 Rd6 32. g4 Nc6 33. Nxc6
Kxc6 34. Kf3 Rd2 35. Re2 Rd3+ 36. Ke4 Rd4+ 37. Kf5 Rxc4 38. g5 hxg5 39. fxg5
Rc1 40. Rg2 Rf1+ 41. Ke6 Re1+ 42. Kf7 Kd6 43. g6 Rf1+ 44. Ke8 Re1+ 45. Kd8 1-0

[Event "37. Copenhagen Open (Politiken Cup)"]
[Site "Elsinore"]
[Date "2015.07.26"]
[Round "3"]
[White "Molin, Claus"]
[Black "Satre, Mathias"]
[Result "0-1"]
[WhiteElo "1990"]
[BlackElo "1753"]
[PlyCount "60"]
[EventDate "2015.07.25"]
[EventType "swiss"]
[EventRounds "10"]
[EventCountry "DEN"]
[Source "ChessBase"]
[SourceDate "2015.09.14"]

1. Nf3 c5 2. c4 g6 3. g3 Bg7 4. Bg2 Nc6 5. O-O e6 6. Nc3 Nge7 7. d3 O-O 8. Ne4
d6 9. Rb1 h6 10. Bd2 e5 11. Ne1 f5 12. Nc3 f4 13. Nc2 Be6 14. b4 cxb4 15. Nxb4
Qd7 16. Nbd5 Rab8 17. Nxe7+ Nxe7 18. Ne4 b6 19. Bb4 d5 20. Nc3 dxc4 21. dxc4
Rfd8 22. Qxd7 Rxd7 23. Rfd1 Kf7 24. Rxd7 Bxd7 25. Ne4 Nf5 26. Bc3 Kg8 27. Kf1
fxg3 28. hxg3 Rc8 29. Rc1 Be6 30. Nd2 Nd6 0-1

[Event "37. Copenhagen Open (Politiken Cup)"]
[Site "Elsinore"]
[Date "2015.07.26"]
[Round "3"]
[White "Myhre, Mads Wollan"]
[Black "Lundberg, Roland"]
[Result "0-1"]
[WhiteElo "1686"]
[BlackElo "1990"]
[PlyCount "82"]
[EventDate "2015.07.25"]
[EventType "swiss"]
[EventRounds "10"]
[EventCountry "DEN"]
[Source "ChessBase"]
[SourceDate "2015.09.14"]

1. c4 g6 2. g3 Bg7 3. Nc3 Nf6 4. Bg2 O-O 5. e3 c5 6. Nge2 Nc6 7. O-O Ne8 8. d4
cxd4 9. exd4 d6 10. a3 Bg4 11. h3 Bd7 12. b4 Rc8 13. Bb2 Nf6 14. f4 Qc7 15. Rc1
Qb8 16. g4 h5 17. g5 Nh7 18. Nd5 e6 19. Ne3 Ne7 20. Ng3 Rfd8 21. Qe2 d5 22.
cxd5 Rxc1 23. Rxc1 Qxf4 24. Rc3 Qxg3 25. Nf5 Qxg5 26. Nxg7 Nxd5 27. Rf3 Kxg7
28. Qf2 Nhf6 29. Qf1 Rc8 30. Qf2 Ba4 31. h4 Qh6 32. Rxf6 Nxf6 33. d5 g5 34. Qg3
g4 35. Qe5 exd5 36. Qg5+ Qxg5 37. hxg5 Kg6 38. Bxf6 Bb3 39. Bf1 Bc4 40. Bg2 Re8
41. Kh2 h4 0-1

[Event "37. Copenhagen Open (Politiken Cup)"]
[Site "Elsinore"]
[Date "2015.07.26"]
[Round "3"]
[White "Naroditsky, Daniel"]
[Black "Schmidt, Kristen"]
[Result "1-0"]
[WhiteElo "2622"]
[BlackElo "2254"]
[PlyCount "53"]
[EventDate "2015.07.25"]
[EventType "swiss"]
[EventRounds "10"]
[EventCountry "DEN"]
[Source "ChessBase"]
[SourceDate "2015.09.14"]

1. e4 c5 2. Nf3 Nc6 3. Bb5 e6 4. O-O Na5 5. d4 a6 6. Be2 cxd4 7. Nxd4 Qc7 8. c4
Nxc4 9. Bxc4 Qxc4 10. Nc3 Bb4 11. Be3 Bxc3 12. Rc1 Qxa2 13. Rxc3 Qa5 14. Qg4
Qe5 15. f4 h5 16. Qf3 Qa5 17. Rfc1 Ne7 18. Rc5 Qd8 19. Rxh5 Rg8 20. Rh7 b6 21.
Qg3 Kf8 22. f5 Bb7 23. fxe6 dxe6 24. Rf1 Qd7 25. Qe5 Ng6 26. Nxe6+ Ke7 27. Bg5+
1-0

[Event "37. Copenhagen Open (Politiken Cup)"]
[Site "Elsinore"]
[Date "2015.07.26"]
[Round "3"]
[White "Neu, Alexandre"]
[Black "Ozcan, Guney"]
[Result "0-1"]
[WhiteElo "1741"]
[BlackElo "1903"]
[PlyCount "66"]
[EventDate "2015.07.25"]
[EventType "swiss"]
[EventRounds "10"]
[EventCountry "DEN"]
[Source "ChessBase"]
[SourceDate "2015.09.14"]

1. e4 e5 2. Nf3 Nc6 3. Bc4 Bc5 4. c3 Nf6 5. d3 d5 6. exd5 Nxd5 7. Qb3 O-O 8.
Bxd5 Na5 9. Qc2 Qxd5 10. b4 Bf5 11. O-O Bd6 12. bxa5 Bxd3 13. Qd1 e4 14. Ne1
Qe5 15. g3 Bxf1 16. Kxf1 Rad8 17. Qa4 Qh5 18. Be3 Bc5 19. Bxc5 Qxc5 20. Qc2 Qh5
21. Na3 Rfe8 22. Qe2 Qxh2 23. Qe3 Qh1+ 24. Ke2 Qh5+ 25. Kf1 Qxa5 26. Nac2 Rd6
27. Nd4 Qh5 28. Rc1 Rh6 29. a3 c5 30. Ndc2 Qg4 31. Kg1 Qh3 32. f3 Qh1+ 33. Kf2
Rh2+ 0-1

[Event "37. Copenhagen Open (Politiken Cup)"]
[Site "Elsinore"]
[Date "2015.07.26"]
[Round "3"]
[White "Nielsen, Hogni Egilstoft"]
[Black "Nahnsen, Kenneth"]
[Result "1/2-1/2"]
[WhiteElo "2338"]
[BlackElo "1960"]
[PlyCount "77"]
[EventDate "2015.07.25"]
[EventType "swiss"]
[EventRounds "10"]
[EventCountry "DEN"]
[Source "ChessBase"]
[SourceDate "2015.09.14"]

1. e4 c5 2. Nf3 d6 3. Bb5+ Bd7 4. Bxd7+ Qxd7 5. c4 Nc6 6. d4 cxd4 7. Nxd4 g6 8.
Nc3 Bg7 9. Be3 Nf6 10. f3 O-O 11. Qd2 Rac8 12. b3 e6 13. Rd1 d5 14. Nxc6 bxc6
15. e5 Ne8 16. Bc5 Bxe5 17. Bxf8 Kxf8 18. Ne2 Qc7 19. cxd5 cxd5 20. g3 Qc2 21.
Rc1 Qxc1+ 22. Qxc1 Rxc1+ 23. Nxc1 Ke7 24. Kd2 Kd7 25. Nd3 Bd6 26. Rc1 h5 27.
Ke3 Bc7 28. f4 Bb6+ 29. Kf3 f6 30. h3 Nc7 31. g4 hxg4+ 32. hxg4 Kd6 33. Nb4 Bc5
34. Nd3 Bb6 35. Re1 Nb5 36. g5 fxg5 37. fxg5 Nd4+ 38. Kg4 Nc6 39. Rh1 1/2-1/2